书目信息 |
| 题名: |
普通话教程
|
|
| 作者: | 唐建新 , 罗容章 编著 | |
| 分册: | ||
| 出版信息: | 成都 成都科技大学出版社 1992.08 |
|
| 页数: | 346页 | |
| 开本: | 32开 | |
| 丛书名: | ||
| 单 册: | ||
| 中图分类: | H102 | |
| 科图分类: | ||
| 主题词: | 汉语 | |
| 电子资源: | ||
| ISBN: | 7-5616-0359-2 | |
| 000 | 00590nam0 2200205 45 | |
| 001 | 0009090898 | |
| 005 | 20000909085808.8 | |
| 010 | @a7-5616-0359-2@d12.00元 | |
| 100 | @a20000909d1992 km y0chiy0120 ea | |
| 101 | 0 | @achi |
| 105 | @a z 000yy | |
| 200 | 1 | @a普通话教程@APu Tong Hua Jiao Cheng@f唐建新,罗容章编著@FTang Jian Xin,Luo Rong Zhang Bian Zhu |
| 210 | @a成都@c成都科技大学出版社@d1992.08 | |
| 215 | @a346页@d32开 | |
| 606 | 0 | @a汉语 |
| 690 | @aH102@v3 | |
| 701 | 0 | @a唐建新@4编著 |
| 701 | 0 | @a罗容章@4编著 |
| 801 | @aCN@bPftUser@c20000909 | |
| 905 | @b130330-334@dH102@eT889@f5 | |
| 普通话教程/唐建新,罗容章编著.-成都:成都科技大学出版社,1992.08 |
| 346页;32开 |
| ISBN 7-5616-0359-2:12.00元 |
| ● |
| 相关链接 |
|
|
|
正题名:普通话教程
索取号:H102/T889
 
预约/预借
| 序号 | 登录号 | 条形码 | 馆藏地/架位号 | 状态 | 备注 |
| 1 | 130330 | 201303302 | 语言库209/209语言库 70排2列2层/ [索取号:H102/T889] | 在馆 | |
| 2 | 130331 | 201303311 | 语言库209/209语言库 70排2列2层/ [索取号:H102/T889] | 在馆 | |
| 3 | 130332 | 201303320 | 语言库209/209语言库 70排2列2层/ [索取号:H102/T889] | 在馆 | |
| 4 | 130333 | 201303339 | 语言库209/209语言库 70排2列2层/ [索取号:H102/T889] | 在馆 | |
| 5 | 130334 | 201303348 | 语言库209/209语言库 70排2列2层/ [索取号:H102/T889] | 在馆 |